书目信息 |
| 题名: |
心理测量
|
|
| 作者: | 郑日昌 编著 | |
| 分册: | ||
| 出版信息: | 长沙 湖南教育出版社 1987.8 |
|
| 页数: | 506页 | |
| 开本: | 20cm | |
| 丛书名: | ||
| 单 册: | ||
| 中图分类: | B841.7 | |
| 科图分类: | 59.8054 | |
| 主题词: | 心理测量学 , 心理测验 | |
| 电子资源: | ||
| ISBN: | 7-5355-0340-3 | |
| 000 | 00762nam0 2200253 45 | |
| 001 | 1574897103 | |
| 005 | 20150129204843.59 | |
| 010 | @a7-5355-0340-3@dCNY8.40 | |
| 100 | @a19930824e19931987em y0chiy0121 ea | |
| 101 | 0 | @achi |
| 102 | @aCN@b430000 | |
| 105 | @ay z 000yy | |
| 200 | 10 | @a心理测量@AXIN LI CE LIANG@f郑日昌编著@FZHENG RI CHANG BIAN ZHU |
| 210 | @a长沙@c湖南教育出版社@d1987.8@h1993.2重印 | |
| 215 | @a506页@d20cm | |
| 330 | @a本书论述了心理测量的历史、功能、编制、误差和测量项目的分析及学绩、能力、人格测验等。 | |
| 540 | 1 | @a心理@AXIN LI |
| 606 | @a心理测量学 | |
| 606 | @a心理测验 | |
| 690 | @aB841.7@v三版 | |
| 692 | @a59.8054 | |
| 701 | 0 | @a郑日昌@AZHENG RI CHANG@4编著 |
| 801 | 0 | @aCN@bTSSF@c20150129 |
| 905 | @aZUCC@dB841.7@eJY11 | |
| 心理测量/郑日昌编著.-长沙:湖南教育出版社,1987.8(1993.2重印) |
| 506页;20cm |
| ISBN 7-5355-0340-3:CNY8.40 |
| 本书论述了心理测量的历史、功能、编制、误差和测量项目的分析及学绩、能力、人格测验等。 |
| ● |
| 相关链接 |
|
|
|
|
正题名:心理测量
索取号:B841.7/JY11
 
预约/预借
| 序号 | 登录号 | 条形码 | 馆藏地/架位号 | 状态 | 备注 |
| 1 | 7857964 | 278579646 | 学院路分馆/ [索取号:B841.7/JY11] | 在馆 | |
| 2 | 7857965 | 278579655 | 学院路分馆/ [索取号:B841.7/JY11] | 在馆 |